[Event "19th Open A"]
[Site "Zadar"]
[Date "2012.12.16"]
[Round "1.1"]
[White "Sumets, Andrey"]
[Black "Kreisl, Robert"]
[Result "1-0"]
[WhiteElo "2638"]
[BlackElo "2419"]
[PlyCount "77"]
[EventDate "2012.12.16"]
[EventRounds "9"]
[EventCountry "CRO"]
[Source "crochess.com"]
[SourceDate "2012.12.22"]

1. d4 d5 2. c4 c6 3. cxd5 cxd5 4. Nc3 Nc6 5. Bf4 Nf6 6. e3 a6 7. Bd3 Bg4 8.
Nge2 e6 9. O-O Be7 10. Rc1 O-O 11. Na4 Nd7 12. Qb3 e5 13. dxe5 Ndxe5 14. h3
Nxd3 15. Qxd3 Bxe2 16. Qxe2 d4 17. exd4 Nxd4 18. Qe4 Ne6 19. Be3 Bg5 20. Rfd1
Qe8 21. Bxg5 Nxg5 22. Qxe8 Raxe8 23. Rd7 b5 24. Nc5 Rc8 25. Ra7 Rfd8 26. Rxa6
Rd2 27. Re1 Rxb2 28. h4 Ne6 29. Nxe6 Re8 30. Rd1 fxe6 31. Rd7 Rf8 32. f3 Rb4
33. Raa7 Rxh4 34. Rxg7+ Kh8 35. Rge7 Rg8 36. Rxe6 Rc4 37. Ree7 Rh4 38. Reb7 Rh5
39. g4 1-0

[Event "19th Open A"]
[Site "Zadar"]
[Date "2012.12.16"]
[Round "1.3"]
[White "Saric, Ivan"]
[Black "Franic, Milan"]
[Result "1-0"]
[WhiteElo "2626"]
[BlackElo "2414"]
[PlyCount "103"]
[EventDate "2012.12.16"]
[EventRounds "9"]
[EventCountry "CRO"]
[Source "crochess.com"]
[SourceDate "2012.12.22"]

1. e4 c5 2. Nf3 a6 3. c3 e6 4. d4 d5 5. e5 Nc6 6. Bd3 Qc7 7. a3 h6 8. b4 cxd4
9. cxd4 Bd7 10. Bb2 Na7 11. Nc3 Nb5 12. Na4 b6 13. O-O Ne7 14. Qb3 Qb7 15. h4
Nc8 16. Rac1 Be7 17. h5 Nc7 18. Nc3 b5 19. Nd2 Nb6 20. Qc2 Nc4 21. Nb3 Qc6 22.
Ra1 O-O 23. Ne2 Be8 24. Nf4 Bg5 25. Nh3 Be7 26. Qe2 f6 27. Bc1 a5 28. Nxa5 Nxa5
29. bxa5 fxe5 30. dxe5 Rxa5 31. Bb2 Ra4 32. Rac1 Qb6 33. Bb1 Na6 34. Qc2 Bxh5
35. Qh7+ Kf7 36. Rc3 Rg8 37. Rg3 Bh4 38. Bg6+ Bxg6 39. Qxg6+ Ke7 40. Rf3 Kd8
41. Rf7 Nc5 42. Qh7 Re8 43. Qxg7 Nd3 44. Bc1 Kc8 45. Rf3 Nxc1 46. Rxc1+ Rc4 47.
Rb1 Qc5 48. Qxh6 Qd4 49. Rf8 Rxf8 50. Qxf8+ Bd8 51. Ng5 Qxe5 52. Qxd8+ 1-0

[Event "19th Open A"]
[Site "Zadar"]
[Date "2012.12.16"]
[Round "1.4"]
[White "Jakovljevic, Vlado"]
[Black "Stevic, Hrvoje"]
[Result "1/2-1/2"]
[WhiteElo "2404"]
[BlackElo "2622"]
[PlyCount "70"]
[EventDate "2012.12.16"]
[EventRounds "9"]
[EventCountry "CRO"]
[Source "crochess.com"]
[SourceDate "2012.12.22"]

1. Nf3 c5 2. c4 g6 3. d4 cxd4 4. Nxd4 Nc6 5. e4 Nf6 6. Nc3 Nxd4 7. Qxd4 d6 8.
f3 Bg7 9. Be3 O-O 10. Qd2 a5 11. Be2 a4 12. O-O Qa5 13. Rac1 Be6 14. Nd5 Qxd2
15. Bxd2 Nxd5 16. cxd5 Bd4+ 17. Kh1 Bc8 18. Rc2 Rd8 19. Rd1 Bc5 20. Bb5 Bd7 21.
Bxd7 Rxd7 22. g3 f6 23. Kg2 Kf7 24. Be1 e5 25. dxe6+ Kxe6 26. f4 Rc7 27. g4
Rac8 28. f5+ Ke7 29. Rdc1 Rc6 30. Kf3 gxf5 31. exf5 Bd4 32. Rxc6 Rxc6 33. Rxc6
bxc6 34. b3 axb3 35. axb3 d5 1/2-1/2

[Event "19th Open A"]
[Site "Zadar"]
[Date "2012.12.16"]
[Round "1.6"]
[White "Mazi, Leon"]
[Black "Brkic, Ante"]
[Result "0-1"]
[WhiteElo "2351"]
[BlackElo "2583"]
[PlyCount "50"]
[EventDate "2012.12.16"]
[EventRounds "9"]
[EventCountry "CRO"]
[Source "crochess.com"]
[SourceDate "2012.12.22"]

1. e4 e5 2. Nf3 Nc6 3. Bb5 Nge7 4. d4 exd4 5. Nxd4 g6 6. Nc3 Bg7 7. Nde2 O-O 8.
h4 Ne5 9. Nf4 h6 10. Be2 d6 11. g4 N7c6 12. Be3 Na5 13. Ng2 Re8 14. Bc1 Nec4
15. Kf1 b5 16. Ne3 c6 17. Nxc4 Nxc4 18. a4 b4 19. Bxc4 bxc3 20. bxc3 d5 21.
exd5 cxd5 22. Qxd5 Qc7 23. Qxa8 Qxc4+ 24. Kg1 Qxg4+ 25. Kh2 Qh3+ 0-1

[Event "19th Open A"]
[Site "Zadar"]
[Date "2012.12.16"]
[Round "1.7"]
[White "Kurajica, Bojan"]
[Black "Videnova, Iva"]
[Result "0-1"]
[WhiteElo "2565"]
[BlackElo "2336"]
[PlyCount "54"]
[EventDate "2012.12.16"]
[EventRounds "9"]
[EventCountry "CRO"]
[Source "crochess.com"]
[SourceDate "2012.12.22"]

1. Nf3 Nf6 2. d4 g6 3. g3 Bg7 4. Bg2 d5 5. c4 dxc4 6. Na3 c3 7. bxc3 c5 8. O-O
O-O 9. Qb3 Nc6 10. Rd1 Na5 11. Qb2 cxd4 12. cxd4 Bf5 13. Ne5 Ng4 14. Nec4 Nxc4
15. Nxc4 Rc8 16. Na3 e5 17. h3 exd4 18. hxg4 d3 19. Qd2 Bc3 20. Qe3 Re8 21. Qf3
Bxa1 22. gxf5 dxe2 23. Rxd8 e1=Q+ 24. Kh2 Rexd8 25. Bg5 Rc3 26. Qf4 Rxa3 27.
Bxd8 Be5 0-1

[Event "19th Open A"]
[Site "Zadar"]
[Date "2012.12.16"]
[Round "1.8"]
[White "Biliskov, Vjekoslav"]
[Black "Kuljasevic, Davorin"]
[Result "1/2-1/2"]
[WhiteElo "2332"]
[BlackElo "2561"]
[PlyCount "128"]
[EventDate "2012.12.16"]
[EventRounds "9"]
[EventCountry "CRO"]
[Source "crochess.com"]
[SourceDate "2012.12.22"]

1. e4 e5 2. Nc3 Nf6 3. g3 d5 4. exd5 Nxd5 5. Bg2 Nxc3 6. bxc3 Nc6 7. Nf3 Bc5 8.
O-O O-O 9. Re1 Qf6 10. d3 h6 11. Rb1 Bb6 12. Be3 Bg4 13. h3 Bh5 14. g4 Bg6 15.
Nd2 Rad8 16. Qe2 Rfe8 17. Ne4 Qe7 18. a4 Rb8 19. Rb3 Bxe3 20. Qxe3 b6 21. Ng3
Qd7 22. Rbb1 Re6 23. f4 exf4 24. Qxf4 Rbe8 25. Ne4 Ne7 26. Qf2 Nd5 27. Qd2 Bxe4
28. Rxe4 Rxe4 29. dxe4 Nf6 30. Qxd7 Nxd7 31. a5 Ne5 32. axb6 cxb6 33. Kf2 Rc8
34. Rb3 f6 35. Bf1 Kf7 36. Ba6 Rc7 37. Ke3 Ke6 38. Ra3 g5 39. Bb5 Ng6 40. Kd4
Nf4 41. c4 Kd6 42. Rf3 Rc8 43. h4 Ke6 44. hxg5 hxg5 45. Ra3 a5 46. Ra1 Rd8+ 47.
Ke3 Rh8 48. c5 bxc5 49. Rxa5 Rh3+ 50. Kd2 Ke5 51. Bd7 Kd4 52. Ra4+ c4 53. Bb5
Rh2+ 54. Kc1 Kxe4 55. Rxc4+ Kf3 56. Bd7 Ne2+ 57. Kb2 Rh7 58. Bc6+ Kg3 59. Be4
Re7 60. Bf5 Rb7+ 61. Ka3 Rb6 62. Re4 Kf3 63. Ra4 Ke3 64. Re4+ Kf3 1/2-1/2

[Event "19th Open A"]
[Site "Zadar"]
[Date "2012.12.16"]
[Round "1.10"]
[White "Piskur, Mitja"]
[Black "Jovanic, Ognjen"]
[Result "0-1"]
[WhiteElo "2322"]
[BlackElo "2583"]
[PlyCount "56"]
[EventDate "2012.12.16"]
[EventRounds "9"]
[EventCountry "CRO"]
[Source "crochess.com"]
[SourceDate "2012.12.22"]

1. e4 c5 2. Nf3 Nc6 3. d3 Nf6 4. g3 d5 5. e5 Nd7 6. Qe2 e6 7. Bg2 Qc7 8. Bf4 h6
9. h4 g6 10. Nc3 Bg7 11. O-O a6 12. Nxd5 exd5 13. e6 Nde5 14. exf7+ Kxf7 15.
Rae1 Re8 16. Nxe5+ Nxe5 17. Bxd5+ Kf8 18. g4 Re7 19. f3 Bd7 20. Qd2 Qd6 21. c4
Bc6 22. Bxe5 Rxe5 23. Qf4+ Qf6 24. Re4 Bxd5 25. cxd5 Qxf4 26. Rxf4+ Kg8 27. b4
Rxd5 28. Rc1 Bd4+ 0-1

[Event "19th Open A"]
[Site "Zadar"]
[Date "2012.12.16"]
[Round "1.13"]
[White "Jovanovic, Zoran"]
[Black "Zelic, Mladen"]
[Result "1-0"]
[WhiteElo "2503"]
[BlackElo "2291"]
[PlyCount "83"]
[EventDate "2012.12.16"]
[EventRounds "9"]
[EventCountry "CRO"]
[Source "crochess.com"]
[SourceDate "2012.12.22"]

1. e4 e5 2. Nf3 Nc6 3. Bc4 Nf6 4. d3 Be7 5. O-O O-O 6. Re1 d6 7. a4 Nd4 8. Nxd4
exd4 9. Nd2 Bg4 10. f3 Be6 11. Nb3 c5 12. Bd2 d5 13. exd5 Bxd5 14. Bxd5 Nxd5
15. f4 Qd7 16. Na5 Bf6 17. Qf3 Rfe8 18. Nc4 Rad8 19. b3 b6 20. Re4 Rxe4 21.
dxe4 d3 22. e5 Nb4 23. Rf1 Be7 24. c3 Nc6 25. f5 Qd5 26. Qxd5 Rxd5 27. Bf4 h6
28. Rd1 Bg5 29. g3 f6 30. Bxg5 hxg5 31. exf6 gxf6 32. g4 Kf7 33. Kf2 Rd8 34.
Ke3 Rh8 35. Rxd3 Rxh2 36. Rd7+ Ke8 37. Rc7 Ne7 38. Rxa7 Nd5+ 39. Kd3 Rh3+ 40.
Kd2 Rh2+ 41. Ke1 Rh1+ 42. Kf2 1-0

[Event "19th Open A"]
[Site "Zadar"]
[Date "2012.12.16"]
[Round "1.14"]
[White "Ivic, Mateo"]
[Black "Dizdarevic, Emir"]
[Result "0-1"]
[WhiteElo "2285"]
[BlackElo "2502"]
[PlyCount "46"]
[EventDate "2012.12.16"]
[EventRounds "9"]
[EventCountry "CRO"]
[Source "crochess.com"]
[SourceDate "2012.12.22"]

1. e4 c6 2. d4 d5 3. e5 c5 4. dxc5 e6 5. Be3 Nd7 6. Bb5 Ne7 7. Nf3 Nf5 8. Bd4
Qa5+ 9. Nc3 a6 10. Bxd7+ Bxd7 11. a3 Nxd4 12. Nxd4 Qc7 13. Qh5 Bxc5 14. O-O-O
O-O 15. Rhe1 f6 16. Rd3 fxe5 17. Rxe5 g6 18. Qg5 Bd6 19. f4 Rxf4 20. Qxf4 Bxe5
21. Qh4 Rf8 22. Kb1 Rf4 23. Qe7 Bxd4 0-1

[Event "19th Open A"]
[Site "Zadar"]
[Date "2012.12.16"]
[Round "1.16"]
[White "Petrusic, Toni"]
[Black "Kadric, Denis"]
[Result "0-1"]
[WhiteElo "2246"]
[BlackElo "2458"]
[PlyCount "68"]
[EventDate "2012.12.16"]
[EventRounds "9"]
[EventCountry "CRO"]
[Source "crochess.com"]
[SourceDate "2012.12.22"]

1. e4 c5 2. Ne2 d6 3. g3 Nc6 4. Bg2 g6 5. c3 Bg7 6. d4 Qb6 7. d5 Ne5 8. f4 Nd7
9. O-O Ngf6 10. Nd2 O-O 11. h3 Qc7 12. g4 Rb8 13. Ng3 b5 14. Nf3 Nb6 15. f5
Nfd7 16. g5 b4 17. cxb4 Nc4 18. f6 exf6 19. gxf6 Bxf6 20. Bh6 Rxb4 21. b3 Nce5
22. Bxf8 Nxf8 23. Rc1 Ba6 24. Nxe5 Bxe5 25. Rf3 Qe7 26. Qe1 h5 27. a3 Rd4 28.
Kh1 Nh7 29. Ne2 Rxe4 30. Rxf7 Qxf7 31. Bxe4 Ng5 32. Nc3 Qf4 33. Rc2 Nxe4 34.
Nxe4 Bd3 0-1

[Event "19th Open A"]
[Site "Zadar"]
[Date "2012.12.16"]
[Round "1.17"]
[White "Rezan, Sasa"]
[Black "Vlahov, Davor"]
[Result "1-0"]
[WhiteElo "2436"]
[BlackElo "2228"]
[PlyCount "53"]
[EventDate "2012.12.16"]
[EventRounds "9"]
[EventCountry "CRO"]
[Source "crochess.com"]
[SourceDate "2012.12.22"]

1. d4 d5 2. c4 c6 3. cxd5 cxd5 4. Nf3 Nf6 5. Nc3 Nc6 6. Bf4 e6 7. e3 Be7 8. Bd3
Nh5 9. Be5 Nxe5 10. dxe5 g6 11. Qa4+ Kf8 12. O-O Bd7 13. Bb5 Bxb5 14. Qxb5 Qb6
15. Rac1 Ng7 16. Qxb6 axb6 17. e4 Bb4 18. exd5 Bxc3 19. Rxc3 exd5 20. Nd4 Rxa2
21. Rfc1 Rxb2 22. g3 Rb4 23. Rc8+ Ne8 24. Rd1 Rc4 25. Rb8 Rc7 26. Ra1 Ke7 27.
Raa8 1-0

[Event "19th Open A"]
[Site "Zadar"]
[Date "2012.12.17"]
[Round "2.3"]
[White "Dizdarevic, Emir"]
[Black "Saric, Ivan"]
[Result "1/2-1/2"]
[WhiteElo "2502"]
[BlackElo "2626"]
[PlyCount "74"]
[EventDate "2012.12.16"]
[EventRounds "9"]
[EventCountry "CRO"]
[Source "crochess.com"]
[SourceDate "2012.12.22"]

1. Nf3 c5 2. c4 Nc6 3. Nc3 e5 4. e3 f5 5. Be2 d6 6. O-O Be7 7. b3 Bf6 8. Bb2
Nge7 9. a3 O-O 10. Rb1 Kh8 11. Ba1 e4 12. Ne1 d5 13. Nxd5 Nxd5 14. cxd5 Qxd5
15. Bxf6 Rxf6 16. f3 Qd6 17. Qc2 Bd7 18. Qc3 Rh6 19. f4 a5 20. Nc2 Rc8 21. Rfd1
Qe7 22. g3 Rd6 23. Kf2 b6 24. d3 exd3 25. Rxd3 Rxd3 26. Bxd3 h6 27. Rd1 Re8 28.
Be2 Nd8 29. b4 Ba4 30. Rd5 axb4 31. axb4 Qe4 32. Qd2 Nc6 33. b5 Nd4 34. Rxd4
cxd4 35. Nxd4 Rd8 36. Qb4 Re8 37. Qc3 Rd8 1/2-1/2

[Event "19th Open A"]
[Site "Zadar"]
[Date "2012.12.17"]
[Round "2.4"]
[White "Lalic, Bogdan"]
[Black "Predojevic, Borki"]
[Result "1/2-1/2"]
[WhiteElo "2484"]
[BlackElo "2600"]
[PlyCount "40"]
[EventDate "2012.12.16"]
[EventRounds "9"]
[EventCountry "CRO"]
[Source "crochess.com"]
[SourceDate "2012.12.22"]

1. d4 Nf6 2. c4 c5 3. d5 b5 4. cxb5 a6 5. bxa6 g6 6. Nc3 Bxa6 7. Nf3 d6 8. e4
Bxf1 9. Kxf1 Bg7 10. g3 O-O 11. Kg2 Nbd7 12. Re1 Qa5 13. e5 Ng4 14. exd6 exd6
15. Bf4 Qa6 16. Rc1 Nge5 17. Nxe5 Nxe5 18. Bxe5 Bxe5 19. Rc2 Rfb8 20. Qf3 Kg7
1/2-1/2

[Event "19th Open A"]
[Site "Zadar"]
[Date "2012.12.17"]
[Round "2.5"]
[White "Brkic, Ante"]
[Black "Rezan, Sasa"]
[Result "1-0"]
[WhiteElo "2583"]
[BlackElo "2436"]
[PlyCount "81"]
[EventDate "2012.12.16"]
[EventRounds "9"]
[EventCountry "CRO"]
[Source "crochess.com"]
[SourceDate "2012.12.22"]

1. e4 c5 2. Nf3 d6 3. d4 cxd4 4. Qxd4 Nc6 5. Bb5 Qa5+ 6. Nc3 Qxb5 7. Nxb5 Nxd4
8. Nfxd4 Kd8 9. c4 Nf6 10. f3 e6 11. Bd2 a6 12. Ba5+ Kd7 13. Nc3 Rb8 14. Na4
Be7 15. O-O-O Bd8 16. Bxd8 Kxd8 17. e5 Bd7 18. exf6 Bxa4 19. b3 Bd7 20. fxg7
Rg8 21. Nc2 Kc7 22. Rd4 Rxg7 23. Ne3 Bc6 24. Rhd1 Rd8 25. Rh4 b5 26. Rh6 bxc4
27. bxc4 Rb8 28. Rd4 Rb4 29. Rdh4 Kb6 30. Rxh7 Rxh7 31. Rxh7 f5 32. Re7 e5 33.
Nxf5 Rxc4+ 34. Kb2 Kc5 35. Rc7 Rb4+ 36. Kc3 Rc4+ 37. Kb2 Rb4+ 38. Kc3 Rc4+ 39.
Kd3 e4+ 40. fxe4 Ra4 41. Ne7 1-0

[Event "19th Open A"]
[Site "Zadar"]
[Date "2012.12.17"]
[Round "2.6"]
[White "Kadric, Denis"]
[Black "Zelcic, Robert"]
[Result "1-0"]
[WhiteElo "2458"]
[BlackElo "2560"]
[PlyCount "93"]
[EventDate "2012.12.16"]
[EventRounds "9"]
[EventCountry "CRO"]
[Source "crochess.com"]
[SourceDate "2012.12.22"]

1. d3 e5 2. Nf3 Nc6 3. e4 Nf6 4. Be2 d5 5. Nbd2 Bc5 6. O-O O-O 7. Nb3 Bb6 8.
exd5 Qxd5 9. Nfd2 Nd4 10. Nxd4 exd4 11. Nc4 c6 12. Bf4 Qd8 13. Nxb6 Qxb6 14.
Rb1 Be6 15. c4 dxc3 16. bxc3 Qa5 17. c4 Qf5 18. Be3 b5 19. Qc1 a6 20. a4 Rac8
21. Qb2 Qg6 22. Bd4 Bh3 23. Bf3 Bf5 24. Bxf6 gxf6 25. Be4 Bxe4 26. dxe4 bxa4
27. Qc2 Rfe8 28. f3 Red8 29. Qxa4 Rd2 30. Rf2 Rcd8 31. Qa5 R2d4 32. g3 Qg5 33.
Qb6 Qe3 34. Kg2 Qd3 35. Rc1 Qa3 36. Rcc2 Qa4 37. c5 Rd1 38. Ra2 Qc4 39. Qxc6
Qc1 40. Qxf6 Re8 41. Rac2 Rg1+ 42. Kh3 Qe3 43. Rfe2 Qb3 44. c6 Re6 45. Qg5+ Rg6
46. Qxg6+ hxg6 47. c7 1-0

[Event "19th Open A"]
[Site "Zadar"]
[Date "2012.12.17"]
[Round "2.8"]
[White "Videnova, Iva"]
[Black "Saric, Ante"]
[Result "0-1"]
[WhiteElo "2336"]
[BlackElo "2533"]
[PlyCount "86"]
[EventDate "2012.12.16"]
[EventRounds "9"]
[EventCountry "CRO"]
[Source "crochess.com"]
[SourceDate "2012.12.22"]

1. e4 e5 2. Nf3 Nf6 3. Nxe5 d6 4. Nf3 Nxe4 5. d4 d5 6. Bd3 Nc6 7. O-O Be7 8. c4
Nb4 9. Be2 Be6 10. Nc3 O-O 11. a3 Nxc3 12. bxc3 Nc6 13. cxd5 Bxd5 14. Nd2 Be6
15. Nc4 Bf6 16. Rb1 Rb8 17. Ne3 Ne7 18. Bd3 g6 19. Qf3 Nd5 20. Bd2 c6 21. Be4
Kg7 22. Bxd5 cxd5 23. Rb5 Bg5 24. Rfb1 b6 25. Nf1 Bxd2 26. Nxd2 Rc8 27. Re1 Qd6
28. Rb3 Bf5 29. Re5 Rfe8 30. g4 Bc2 31. Rb2 Be4 32. Nxe4 dxe4 33. Qxe4 Rxe5 34.
dxe5 Qd1+ 35. Kg2 Rxc3 36. e6 Rc1 37. f3 Qg1+ 38. Kh3 Re1 39. Qb7 Rxe6 40. Qxa7
g5 41. Rg2 Rh6+ 42. Kg3 Qe1+ 43. Rf2 Qe5+ 0-1

[Event "19th Open A"]
[Site "Zadar"]
[Date "2012.12.17"]
[Round "2.9"]
[White "Stevic, Hrvoje"]
[Black "Biliskov, Vjekoslav"]
[Result "1-0"]
[WhiteElo "2622"]
[BlackElo "2332"]
[PlyCount "77"]
[EventDate "2012.12.16"]
[EventRounds "9"]
[EventCountry "CRO"]
[Source "crochess.com"]
[SourceDate "2012.12.22"]

1. e4 c5 2. Nf3 d6 3. d4 cxd4 4. Qxd4 Nc6 5. Bb5 Bd7 6. Bxc6 Bxc6 7. Nc3 Nf6 8.
Bg5 e6 9. Qd3 Qa5 10. Bxf6 gxf6 11. O-O-O O-O-O 12. Kb1 Kb8 13. Nd4 Bd7 14. f4
Be7 15. Rhf1 h5 16. f5 Qe5 17. g3 Rc8 18. Rf4 a6 19. Rh4 b5 20. Nce2 d5 21. Nf3
Qc7 22. exd5 exd5 23. Nf4 Bc6 24. Rxh5 Rxh5 25. Nxh5 Bb7 26. Nf4 b4 27. Ne2 a5
28. Ned4 a4 29. Qb5 a3 30. bxa3 bxa3 31. Rd3 Qc4 32. Nd2 Qc7 33. Rb3 Bc5 34.
N2f3 Bd6 35. g4 Rh8 36. h4 Rg8 37. Nc6+ Kc8 38. Rc3 Rxg4 39. Ncd4 1-0

[Event "19th Open A"]
[Site "Zadar"]
[Date "2012.12.17"]
[Round "2.12"]
[White "Schachinger, Mario"]
[Black "Piskur, Mitja"]
[Result "1/2-1/2"]
[WhiteElo "2426"]
[BlackElo "2322"]
[PlyCount "178"]
[EventDate "2012.12.16"]
[EventRounds "9"]
[EventCountry "CRO"]
[Source "crochess.com"]
[SourceDate "2012.12.22"]

1. Nf3 f5 2. g3 Nf6 3. Bg2 g6 4. O-O Bg7 5. d4 O-O 6. b3 Ne4 7. Bb2 d5 8. c4 c6
9. Ne5 Be6 10. Nd2 Nd7 11. cxd5 cxd5 12. Nd3 Rc8 13. e3 Qa5 14. b4 Qa6 15. Nb3
b6 16. a4 Qb7 17. b5 Rc4 18. Nd2 Nxd2 19. Qxd2 Nf6 20. Rfc1 Ne4 21. Qe1 Rfc8
22. Nb4 Qd7 23. Bf1 R4c7 24. Rxc7 Rxc7 25. Rc1 Nd6 26. Rxc7 Qxc7 27. Bg2 Nc4
28. Bc3 Qd7 29. Qd1 Bf7 30. Qf3 e5 31. dxe5 Nxe5 32. Qf4 Nf3+ 33. Bxf3 Bxc3 34.
Nc6 d4 35. exd4 Qe8 36. Qc7 Qe1+ 37. Kg2 Bc4 38. Ne7+ Kf8 39. Nxg6+ hxg6 40.
Qxc4 Qd2 41. d5 Bd4 42. Qe2 Qb4 43. Qc2 Bc5 44. h4 Qd4 45. h5 Kg7 46. hxg6 Kxg6
47. g4 Kg7 48. gxf5 Kf6 49. Be4 Ke5 50. Bf3 Kf6 51. Kf1 Qa1+ 52. Bd1 Qd4 53.
Bf3 Qa1+ 54. Qd1 Qb2 55. Be2 Qe5 56. Qd3 Qf4 57. Qc3+ Bd4 58. Qc6+ Kxf5 59.
Bd3+ Kg5 60. Qg6+ Kh4 61. Qe4 Qxe4 62. Bxe4 Bc5 63. Ke2 Kg4 64. Bg6 Kf4 65. Be8
Bd6 66. Bc6 Bc5 67. Bb7 Bd6 68. Bc8 Bc5 69. f3 Kg3 70. Bg4 Kf4 71. Kd3 Ke5 72.
Kc4 Bd6 73. Bh5 Be7 74. Bf7 Kf4 75. d6 Bxd6 76. Kd5 Bb4 77. Bh5 Ba5 78. Kc6 Kg5
79. Bg4 Kf4 80. Kb7 Ke5 81. Kxa7 Kf4 82. Kb7 Ke5 83. Kc6 Kf4 84. Kd5 Bc3 85.
Bh5 Bd2 86. Kd4 Be1 87. Bg4 Bd2 88. Bh5 Be1 89. Bg4 Bd2 1/2-1/2

[Event "19th Open A"]
[Site "Zadar"]
[Date "2012.12.17"]
[Round "2.13"]
[White "Kreisl, Robert"]
[Black "Ciganovic, Nikola"]
[Result "1-0"]
[WhiteElo "2419"]
[BlackElo "2303"]
[PlyCount "43"]
[EventDate "2012.12.16"]
[EventRounds "9"]
[EventCountry "CRO"]
[Source "crochess.com"]
[SourceDate "2012.12.22"]

1. Nf3 g6 2. e4 Bg7 3. d4 d6 4. c3 Nf6 5. Bd3 O-O 6. O-O c5 7. h3 cxd4 8. cxd4
Nc6 9. Nc3 a6 10. Be3 b5 11. Rc1 Bb7 12. d5 Ne5 13. Nxe5 dxe5 14. a4 b4 15. Nb1
a5 16. Qb3 Ne8 17. Nd2 Nd6 18. Nc4 f5 19. Bb6 Qd7 20. Nxd6 Qxd6 21. Bc5 Qf6 22.
Bxe7 1-0

[Event "19th Open A"]
[Site "Zadar"]
[Date "2012.12.17"]
[Round "2.14"]
[White "Veleski, Robert"]
[Black "Jakic, Ivan"]
[Result "1/2-1/2"]
[WhiteElo "2311"]
[BlackElo "2415"]
[PlyCount "21"]
[EventDate "2012.12.16"]
[EventRounds "9"]
[EventCountry "CRO"]
[Source "crochess.com"]
[SourceDate "2012.12.22"]

1. c4 Nf6 2. Nc3 c5 3. g3 d5 4. cxd5 Nxd5 5. Bg2 Nc7 6. Nf3 Nc6 7. O-O e5 8. d3
Be7 9. Bd2 O-O 10. Rc1 Bd7 11. a3 1/2-1/2

[Event "19th Open A"]
[Site "Zadar"]
[Date "2012.12.17"]
[Round "2.16"]
[White "Cebalo, Miso"]
[Black "Petrusic, Toni"]
[Result "1-0"]
[WhiteElo "2402"]
[BlackElo "2246"]
[PlyCount "65"]
[EventDate "2012.12.16"]
[EventRounds "9"]
[EventCountry "CRO"]
[Source "crochess.com"]
[SourceDate "2012.12.22"]

1. c4 e5 2. g3 Nc6 3. Bg2 g6 4. Nc3 Bg7 5. e4 d6 6. d3 f5 7. Nge2 Nf6 8. O-O
O-O 9. Nd5 h6 10. Rb1 Be6 11. b4 Qd7 12. b5 Nd8 13. Nxf6+ Rxf6 14. exf5 Bxf5
15. Be3 c6 16. bxc6 bxc6 17. Nc3 Rf7 18. Rb3 Ne6 19. g4 Nd4 20. gxf5 Nxb3 21.
fxg6 Rf6 22. axb3 Rxg6 23. Qh5 Qf7 24. Kh1 Rd8 25. Qf3 Rf6 26. Qe4 d5 27. cxd5
cxd5 28. Nxd5 Rfd6 29. Nb4 Qxb3 30. Nc6 Re8 31. d4 Qb5 32. d5 a5 33. Rb1 1-0

[Event "19th Open A"]
[Site "Zadar"]
[Date "2012.12.17"]
[Round "2.17"]
[White "Zelic, Mladen"]
[Black "Mazi, Leon"]
[Result "0-1"]
[WhiteElo "2291"]
[BlackElo "2351"]
[PlyCount "86"]
[EventDate "2012.12.16"]
[EventRounds "9"]
[EventCountry "CRO"]
[Source "crochess.com"]
[SourceDate "2012.12.22"]

1. e4 c5 2. d4 cxd4 3. c3 dxc3 4. Nxc3 e6 5. Nf3 a6 6. Bc4 b5 7. Bb3 Bb7 8. O-O
d6 9. Qe2 Nd7 10. Rd1 Ngf6 11. Bf4 Qb8 12. Nd5 Nxd5 13. exd5 e5 14. Nd4 Nc5 15.
Nc6 Bxc6 16. dxc6 Nxb3 17. axb3 Be7 18. Rac1 O-O 19. Bd2 Ra7 20. Ba5 Bd8 21.
Bb4 Bc7 22. Qd3 Rd8 23. Qd5 Qc8 24. Rd3 Qe6 25. Rcd1 Qxd5 26. Rxd5 f6 27. Bc5
Raa8 28. Be3 Kf7 29. b4 Ke6 30. g3 Rdc8 31. R5d2 a5 32. Rd5 Rcb8 33. bxa5 Rxa5
34. Kg2 Ra6 35. R5d3 Rxc6 36. b3 Bb6 37. Bd2 e4 38. Rc3 Rbc8 39. Rxc6 Rxc6 40.
Ra1 Rc2 41. Ra6 Bc5 42. b4 Bd4 43. Bf4 Rxf2+ 0-1

[Event "19th Open A"]
[Site "Zadar"]
[Date "2012.12.17"]
[Round "3.3"]
[White "Kadric, Denis"]
[Black "Brkic, Ante"]
[Result "1/2-1/2"]
[WhiteElo "2458"]
[BlackElo "2583"]
[PlyCount "46"]
[EventDate "2012.12.16"]
[EventRounds "9"]
[EventCountry "CRO"]
[Source "crochess.com"]
[SourceDate "2012.12.22"]

1. e4 e5 2. Nf3 Nc6 3. Bc4 Bc5 4. O-O Nf6 5. d3 a6 6. c3 Ba7 7. Bb3 d6 8. h3 h6
9. Re1 g5 10. Nh2 g4 11. Nxg4 Nxg4 12. hxg4 Rg8 13. g5 hxg5 14. Be3 Bxe3 15.
fxe3 g4 16. g3 Qg5 17. Qe2 Rh8 18. Nd2 Bd7 19. Kg2 Rh3 20. Rh1 Qh6 21. Rag1 Ke7
22. Rxh3 Qxh3+ 23. Kf2 Rh8 1/2-1/2

[Event "19th Open A"]
[Site "Zadar"]
[Date "2012.12.17"]
[Round "3.7"]
[White "Zelcic, Robert"]
[Black "Franic, Milan"]
[Result "1/2-1/2"]
[WhiteElo "2560"]
[BlackElo "2414"]
[PlyCount "148"]
[EventDate "2012.12.16"]
[EventRounds "9"]
[EventCountry "CRO"]
[Source "crochess.com"]
[SourceDate "2012.12.22"]

1. e4 e6 2. d4 d5 3. Nc3 Bb4 4. a3 Bxc3+ 5. bxc3 dxe4 6. Qg4 Nf6 7. Qxg7 Rg8 8.
Qh6 Rg6 9. Qd2 Nc6 10. Bb2 b6 11. Ne2 Bb7 12. Nf4 Rg8 13. c4 Qe7 14. Qc3 Na5
15. d5 Nd7 16. Qh3 O-O-O 17. dxe6 fxe6 18. Nxe6 Rde8 19. Nd4 e3 20. fxe3 Qg5
21. O-O-O Qxe3+ 22. Qxe3 Rxe3 23. Nf5 Re6 24. Rg1 Nc5 25. Bc3 Be4 26. Nd4 Rh6
27. Bxa5 bxa5 28. Rh1 a4 29. Rd2 Rg3 30. hxg3 Rxh1 31. Rd1 Rh6 32. Re1 Rf6 33.
Kd2 h6 34. Kc3 Kb7 35. Rb1+ Kc8 36. Re1 Kb7 37. Kb4 Kb6 38. Rb1 c6 39. Kc3+ Kc7
40. Re1 a5 41. Ne2 Bf5 42. Kd4 Kd6 43. Rc1 Re6 44. Kc3 Re3+ 45. Kb2 Bg4 46. Nc3
Rxg3 47. Re1 Be6 48. Rd1+ Kc7 49. Rd4 Rg4 50. Ne2 Rxd4 51. Nxd4 Kd6 52. Kc3 Bd7
53. Be2 Ne4+ 54. Kd3 Ng5 55. Bf3 c5 56. Nb5+ Ke5 57. Ke3 Bf5 58. Bd1 Be6 59.
Be2 Bd7 60. Nc3 Bc6 61. g3 Ne6 62. Bd3 Nd4 63. Nb5 Nf5+ 64. Kf2 Nd6 65. Nc7
Ne4+ 66. Bxe4 Bxe4 67. Ke3 Bxc2 68. Nd5 Be4 69. Nc3 Bc6 70. Kd3 Kf5 71. Ke3 Kg5
72. Kf2 Kg4 73. Nd1 Kf5 74. Ke3 Kg4 1/2-1/2

[Event "19th Open A"]
[Site "Zadar"]
[Date "2012.12.17"]
[Round "3.9"]
[White "Jovanovic, Zoran"]
[Black "Cebalo, Miso"]
[Result "1/2-1/2"]
[WhiteElo "2503"]
[BlackElo "2402"]
[PlyCount "50"]
[EventDate "2012.12.16"]
[EventRounds "9"]
[EventCountry "CRO"]
[Source "crochess.com"]
[SourceDate "2012.12.22"]

1. e4 c5 2. Nc3 g6 3. d4 cxd4 4. Qxd4 Nf6 5. Nf3 Nc6 6. Qa4 d6 7. e5 dxe5 8.
Nxe5 Bd7 9. Nxd7 Qxd7 10. Bb5 Bg7 11. O-O O-O 12. Rd1 Qf5 13. Bd3 Qa5 14. Qxa5
Nxa5 15. Ne4 Nxe4 16. Bxe4 Nc4 17. c3 Rad8 18. Re1 Rd7 19. Bc2 a6 20. Bb3 Rc8
21. Kf1 b5 22. a4 Bf6 23. axb5 axb5 24. Bxc4 bxc4 25. Bh6 Bg7 1/2-1/2